[Event "Zalakaros Barczay Memorial"]
[Site "Zalakaros"]
[Date "2019.05.24"]
[Round "2"]
[White "Hrbolka, Ladislav Jr"]
[Black "Varga, Zoltan"]
[Result "0-1"]
[WhiteElo "2203"]
[BlackElo "2457"]
[PlyCount "84"]
[EventDate "2019.05.23"]
[EventType "swiss"]
[EventRounds "9"]
[EventCountry "HUN"]
[SourceTitle "CBM 190 Extra"]
[Source "ChessBase"]
[SourceDate "2019.07.15"]
[SourceVersion "1"]
[SourceVersionDate "2019.07.15"]
[SourceQuality "1"]

1. e4 Nf6 2. e5 Nd5 3. d4 d6 4. Nf3 Nb6 5. Be2 g6 6. 0-0 Bg7 7. Nc3 dxe5 8. Nxe5 N8d7 9. Bf4 Nxe5 10. Bxe5 Bxe5 11. dxe5 Bf5 12. Nb5 c6 13. Nd4 Qd5 14. g4 0-0-0 15. gxf5 Qxd4 16. Qxd4 Rxd4 17. fxg6 hxg6 18. Rad1 Rdh4 19. h3 e6 20. Bg4 Nc4 21. Rfe1 Nxb2 22. Rd4 b5 23. Ree4 g5 24. f4 c5 25. Rd2 Nc4 26. Rf2 gxf4 27. Rfxf4 R4h7 28. a4 a6 29. axb5 axb5 30. Be2 Nd2 31. Re3 c4 32. Bg4 Rd8 33. Kg2 Kc7 34. Kg3 Kb6 35. h4 b4 36. h5 Kc5 37. Be2 Rg7+ 38. Rg4 Rxg4+ 39. Kxg4 b3 40. cxb3 cxb3 41. Rc3+ Kb4 42. Rd3 Rg8+ 0-1

[Event "CZE-chT2B 1819"]
[Site "Czech Republic"]
[Date "2019.02.24"]
[Round "9.2"]
[White "Hrbolka, Ladislav Jr"]
[Black "Spicka, Jan"]
[Result "1-0"]
[WhiteElo "2206"]
[BlackElo "1899"]
[PlyCount "89"]
[EventDate "2018.10.14"]
[EventType "team-tourn"]
[EventRounds "11"]
[EventCountry "CZE"]
[SourceTitle "EXT 2022"]
[Source "ChessBase"]
[SourceDate "2021.10.06"]
[SourceVersion "1"]
[SourceVersionDate "2021.10.06"]
[SourceQuality "1"]
[WhiteTeam "Most Chess"]
[BlackTeam "Karlovy Vary Tietz II"]
[WhiteTeamCountry "CZE"]
[BlackTeamCountry "CZE"]

1. e4 c5 2. Nf3 Nc6 3. Nc3 d6 4. d4 cxd4 5. Nxd4 e5 6. Nde2 Nf6 7. g3 Be6 8. Bg2 Be7 9. 0-0 0-0 10. h3 Qd7 11. Kh2 Ne8 12. Nd5 f5 13. exf5 Bxf5 14. Be3 Nf6 15. Nec3 Kh8 16. Qd2 Rab8 17. Rad1 Rfd8 18. a4 b6 19. f4 Be6 20. f5 Bxd5 21. Nxd5 Nxd5 22. Bxd5 b5 23. axb5 Rxb5 24. Qg2 Nb4 25. Bc4 Rbb8 26. c3 Qc7 27. Be6 Nc6 28. Rd2 a5 29. g4 Rf8 30. g5 a4 31. Qg4 Nd8 32. Bd5 g6 33. f6 Nb7 34. Ra1 Bd8 35. Qxa4 Nc5 36. Qa7 Qxa7 37. Rxa7 Bb6 38. Ra2 Ne4 39. Bxb6 Nxd2 40. Bc7 Rbd8 41. Bxd8 Rxd8 42. Kg2 e4 43. Ra8 Rxa8 44. Bxa8 e3 45. b4 1-0

[Event "CZE-chT2B 1819"]
[Site "Czech Republic"]
[Date "2019.01.27"]
[Round "7.2"]
[White "Hrbolka, Ladislav Jr"]
[Black "Slampa, Jan"]
[Result "0-1"]
[WhiteElo "2206"]
[BlackElo "2231"]
[PlyCount "72"]
[EventDate "2018.10.14"]
[EventType "team-tourn"]
[EventRounds "11"]
[EventCountry "CZE"]
[SourceTitle "EXT 2022"]
[Source "ChessBase"]
[SourceDate "2021.10.06"]
[SourceVersion "1"]
[SourceVersionDate "2021.10.06"]
[SourceQuality "1"]
[WhiteTeam "Most Chess"]
[BlackTeam "Udlice"]
[WhiteTeamCountry "CZE"]
[BlackTeamCountry "CZE"]

1. e4 c6 2. d4 d5 3. e5 Bf5 4. Nf3 e6 5. Be2 c5 6. Be3 Qb6 7. Nc3 Nc6 8. 0-0 c4 9. b3 Qa5 10. Bd2 Bb4 11. Qe1 b5 12. a3 Bxc3 13. Bxc3 Qb6 14. Qd2 cxb3 15. cxb3 Nge7 16. Bb4 0-0 17. Bc5 Qb7 18. Rac1 Rfd8 19. Nh4 Be4 20. g4 h6 21. f3 Bh7 22. f4 Ng6 23. Ng2 Nf8 24. f5 Nd7 25. f6 Rac8 26. fxg7 Ncxe5 27. Qxh6 Nxc5 28. dxe5 Ne4 29. Rxc8 Rxc8 30. Bd3 Qb6+ 31. Kh1 Qd4 32. Nf4 Qxe5 33. Nh5 Rc3 34. Rxf7 Kxf7 35. Qxh7 Rc1+ 36. Kg2 Qb2+ 0-1

[Event "CZE-chT2A 1718"]
[Site "Czech Republic"]
[Date "2018.02.25"]
[Round "9.1"]
[White "Serrano Salvador, Eduardo"]
[Black "Hrbolka, Ladislav Jr"]
[Result "1-0"]
[WhiteElo "2327"]
[BlackElo "2230"]
[PlyCount "59"]
[EventDate "2017.10.15"]
[EventType "team-tourn"]
[EventRounds "11"]
[EventCountry "CZE"]
[SourceTitle "EXT 2022"]
[Source "ChessBase"]
[SourceDate "2021.10.06"]
[SourceVersion "1"]
[SourceVersionDate "2021.10.06"]
[SourceQuality "1"]
[WhiteTeam "Vysehrad II"]
[BlackTeam "Most Chess"]
[WhiteTeamCountry "CZE"]
[BlackTeamCountry "CZE"]

1. d4 Nf6 2. Nf3 e6 3. c4 Bb4+ 4. Nbd2 b6 5. a3 Bxd2+ 6. Bxd2 Bb7 7. Bg5 h6 8. Bh4 d6 9. e3 g5 10. Bg3 Ne4 11. d5 Nd7 12. Qc2 Nxg3 13. hxg3 Qf6 14. Rd1 a5 15. Nd4 e5 16. Nb5 Rc8 17. Be2 Kd8 18. b4 axb4 19. axb4 Ra8 20. Bg4 Qe7 21. Ke2 e4 22. Ra1 h5 23. Rxa8+ Bxa8 24. Qa4 Bb7 25. Qa7 Kc8 26. Nd4 f5 27. Bxf5 Rf8 28. Nc6 Bxc6 29. dxc6 Rxf5 30. Qb7+ 1-0

[Event "CZE-chT2A 1718"]
[Site "Czech Republic"]
[Date "2017.12.17"]
[Round "5.2"]
[White "Hurdzan, Tomas"]
[Black "Hrbolka, Ladislav Jr"]
[Result "0-1"]
[WhiteElo "2141"]
[BlackElo "2230"]
[PlyCount "70"]
[EventDate "2017.10.15"]
[EventType "team-tourn"]
[EventRounds "11"]
[EventCountry "CZE"]
[SourceTitle "EXT 2022"]
[Source "ChessBase"]
[SourceDate "2021.10.06"]
[SourceVersion "1"]
[SourceVersionDate "2021.10.06"]
[SourceQuality "1"]
[WhiteTeam "Klatovy"]
[BlackTeam "Most Chess"]
[WhiteTeamCountry "CZE"]
[BlackTeamCountry "CZE"]

1. e4 c5 2. Nf3 d6 3. Bb5+ Nd7 4. d4 cxd4 5. Qxd4 e5 6. Qd3 h6 7. c4 Ngf6 8. Nc3 Be7 9. Ba4 0-0 10. Qe2 Nc5 11. Bc2 Bg4 12. h3 Bxf3 13. Qxf3 Nh7 14. 0-0 Bg5 15. Rd1 Bxc1 16. Raxc1 Qb6 17. b3 Nf6 18. Nd5 Nxd5 19. exd5 f5 20. a3 a5 21. Qc3 f4 22. b4 axb4 23. axb4 Nd7 24. Re1 Ra2 25. Ra1 Rfa8 26. Rxa2 Rxa2 27. Re2 Qa6 28. Qd3 Ra1+ 29. Kh2 Nf6 30. b5 Qa3 31. Qf5 Qc1 32. Qc8+ Kf7 33. Qe6+ Kf8 34. Qxd6+ Kg8 35. Qe6+ Kh8 0-1

[Event "CZE-chT2A 1718"]
[Site "Czech Republic"]
[Date "2017.10.15"]
[Round "1.2"]
[White "Svatos, Jan"]
[Black "Hrbolka, Ladislav Jr"]
[Result "1/2-1/2"]
[WhiteElo "2250"]
[BlackElo "2230"]
[PlyCount "80"]
[EventDate "2017.10.15"]
[EventType "team-tourn"]
[EventRounds "11"]
[EventCountry "CZE"]
[SourceTitle "EXT 2022"]
[Source "ChessBase"]
[SourceDate "2021.10.06"]
[SourceVersion "1"]
[SourceVersionDate "2021.10.06"]
[SourceQuality "1"]
[WhiteTeam "Praha Vrsovice"]
[BlackTeam "Most Chess"]
[WhiteTeamCountry "CZE"]
[BlackTeamCountry "CZE"]

1. e4 c5 2. Nf3 Nc6 3. d4 cxd4 4. Nxd4 g6 5. Nc3 Bg7 6. Be3 Nf6 7. Bc4 0-0 8. Bb3 Ng4 9. Qxg4 Nxd4 10. Qd1 Nxb3 11. axb3 b6 12. 0-0 Bb7 13. Bd4 d6 14. Bxg7 Kxg7 15. Qd4+ Kg8 16. Rfe1 Qc8 17. b4 Bc6 18. Re2 Qb7 19. f3 Rfd8 20. h4 e5 21. Qf2 Qe7 22. Qg3 h5 23. Rd2 Kg7 24. Rad1 Rac8 25. f4 exf4 26. Qxf4 Bb7 27. Nb5 Bxe4 28. Nxd6 Rxd6 29. Qxd6 Qxh4 30. Qe5+ Kh6 31. c3 Bf5 32. Rd4 Qg5 33. Qf4 Re8 34. Kf2 Qxf4+ 35. Rxf4 Kg5 36. Rfd4 Kf6 37. Rd6+ Be6 38. Rd8 Re7 39. Ra8 g5 40. Ra1 Bc4 1/2-1/2

[Event "CZE-chT2B 1617"]
[Site "Czech Republic"]
[Date "2017.04.02"]
[Round "11.2"]
[White "Jacek, Martin"]
[Black "Hrbolka, Ladislav Jr"]
[Result "1-0"]
[WhiteElo "2222"]
[BlackElo "2241"]
[PlyCount "47"]
[EventDate "2016.10.09"]
[EventType "team-tourn"]
[EventRounds "11"]
[EventCountry "CZE"]
[SourceTitle "EXT 2022"]
[Source "ChessBase"]
[SourceDate "2021.10.06"]
[SourceVersion "1"]
[SourceVersionDate "2021.10.06"]
[SourceQuality "1"]
[WhiteTeam "Mlada Boleslav"]
[BlackTeam "Most Chess"]
[WhiteTeamCountry "CZE"]
[BlackTeamCountry "CZE"]

1. e4 c5 2. Nf3 e6 3. c3 Nf6 4. e5 Nd5 5. d4 cxd4 6. cxd4 d6 7. Nc3 Nxc3 8. bxc3 Qc7 9. Bd2 dxe5 10. Nxe5 Be7 11. Bd3 Nd7 12. f4 0-0 13. 0-0 b6 14. Rf3 g6 15. Rh3 Bb7 16. Ng4 Qc6 17. Qf1 f5 18. Nf2 Nf6 19. Re1 Nd5 20. c4 Nb4 21. d5 Qa4 22. Rxe6 Bc5 23. Bxb4 Qxb4 24. Qa1 1-0

[Event "CZE-chT2B 1415"]
[Site "Czech Republic"]
[Date "2014.11.16"]
[Round "2.3"]
[White "Prchly, Milos"]
[Black "Hrbolka, Ladislav Jr"]
[Result "1/2-1/2"]
[WhiteElo "2006"]
[BlackElo "2150"]
[PlyCount "82"]
[EventDate "2014.11.02"]
[EventType "team-tourn"]
[EventRounds "11"]
[EventCountry "CZE"]
[SourceTitle "EXT 2022"]
[Source "ChessBase"]
[SourceDate "2021.10.06"]
[SourceVersion "1"]
[SourceVersionDate "2021.10.06"]
[SourceQuality "1"]
[WhiteTeam "Liberec Lokomotiva"]
[BlackTeam "Most Chess"]
[WhiteTeamCountry "CZE"]
[BlackTeamCountry "CZE"]

1. d4 Nf6 2. c4 e6 3. Nc3 Bb4 4. e3 c5 5. Bd3 Nc6 6. Nf3 Bxc3+ 7. bxc3 d6 8. 0-0 e5 9. d5 Ne7 10. Qc2 0-0 11. Nh4 Re8 12. f3 Bd7 13. Bd2 Qc8 14. e4 Ng6 15. Nxg6 hxg6 16. g4 b5 17. Rae1 Rb8 18. g5 Nh5 19. Rf2 Re7 20. f4 exf4 21. Bxf4 Nxf4 22. Rxf4 Re5 23. h4 b4 24. Qf2 Be8 25. cxb4 Rxb4 26. Rb1 Rxb1+ 27. Bxb1 Qa6 28. Qe2 Qa3 29. Rf3 Qc1+ 30. Rf1 Qc3 31. Rf3 Qd4+ 32. Kg2 Re7 33. Qd3 Qb2+ 34. Rf2 Qe5 35. Qg3 f6 36. Qxe5 fxe5 37. Rb2 Ba4 38. Bc2 Bxc2 39. Rxc2 Rb7 40. Kf3 Kf7 41. Ke3 Ke7 1/2-1/2

[Event "CZE-chT2B 1314"]
[Site "Czech Republic"]
[Date "2013.12.01"]
[Round "3.5"]
[White "Jinova, Lucie"]
[Black "Hrbolka, Ladislav Jr"]
[Result "1-0"]
[WhiteElo "2103"]
[BlackElo "2171"]
[PlyCount "81"]
[EventDate "2013.11.03"]
[EventType "team-tourn"]
[EventRounds "11"]
[EventCountry "CZE"]
[SourceTitle "EXT 2015"]
[Source "ChessBase"]
[SourceDate "2014.11.20"]
[SourceVersion "1"]
[SourceVersionDate "2014.11.20"]
[SourceQuality "1"]
[WhiteTeam "Novoborsky III"]
[BlackTeam "Most Chess"]
[WhiteTeamCountry "CZE"]
[BlackTeamCountry "CZE"]

1. e4 d5 2. exd5 Qxd5 3. Nc3 Qd6 4. d4 Nf6 5. Bc4 c6 6. Nge2 Bf5 7. Bf4 Qb4 8. Bb3 e6 9. 0-0 Qa5 10. Ng3 Be7 11. d5 cxd5 12. Nxf5 exf5 13. Nxd5 Nxd5 14. Bxd5 Nc6 15. Re1 0-0-0 16. c4 Bb4 17. Re2 Bd6 18. Qd3 g6 19. Bxc6 Bxf4 20. Bxb7+ Kxb7 21. Qf3+ Kc8 22. Qxf4 Qxa2 23. Rae1 Qa4 24. Qf3 Kc7 25. b3 Qc6 26. Re7+ Rd7 27. Rxd7+ Qxd7 28. Rd1 Qc6 29. Qf4+ Kb7 30. Rd6 Re8 31. h3 Re1+ 32. Kh2 Qc7 33. g3 Re4 34. Qd2 Qc5 35. Rd7+ Kc6 36. Rd8 Re7 37. b4 Qe5 38. b5+ Kb7 39. Qa5 Qe2 40. Qa6+ Kc7 41. Qd6+ 1-0

[Event "CZE-chT2B 1314"]
[Site "Czech Republic"]
[Date "2013.11.03"]
[Round "1.5"]
[White "Drabek, Vojtech"]
[Black "Hrbolka, Ladislav Jr"]
[Result "1/2-1/2"]
[WhiteElo "2218"]
[BlackElo "2171"]
[PlyCount "111"]
[EventDate "2013.11.03"]
[EventType "team-tourn"]
[EventRounds "11"]
[EventCountry "CZE"]
[SourceTitle "EXT 2015"]
[Source "ChessBase"]
[SourceDate "2014.11.20"]
[SourceVersion "1"]
[SourceVersionDate "2014.11.20"]
[SourceQuality "1"]
[WhiteTeam "Neratovice"]
[BlackTeam "Most Chess"]
[WhiteTeamCountry "CZE"]
[BlackTeamCountry "CZE"]

1. e4 c5 2. Nf3 d6 3. Bb5+ Nd7 4. c4 a6 5. Ba4 e5 6. Nc3 Ngf6 7. d3 Be7 8. Nh4 0-0 9. Nf5 b5 10. cxb5 Nb6 11. Nxe7+ Qxe7 12. Bg5 h6 13. Bxf6 Qxf6 14. Bb3 axb5 15. Nxb5 Qg6 16. 0-0 Bg4 17. f3 Bd7 18. Na3 Qg5 19. Qc1 Rfb8 20. Nc4 Nxc4 21. dxc4 Qe7 22. Rd1 Rb4 23. Qc3 Rab8 24. Rd2 Be6 25. Rad1 R8b6 26. Rd3 h5 27. Qc2 Bd7 28. Qd2 Ba4 29. Bxa4 Rxa4 30. a3 Rxc4 31. Rxd6 Rxd6 32. Qxd6 Qxd6 33. Rxd6 Rc1+ 34. Kf2 Rc2+ 35. Kg3 Rxb2 36. Rd5 Ra2 37. Rxc5 Rxa3 38. Rxe5 g6 39. Rb5 Kg7 40. h4 Kf6 41. Kf4 Ra2 42. Rb6+ Kg7 43. g3 Ra3 44. Rd6 Ra4 45. Rd7 Kf6 46. g4 hxg4 47. fxg4 Ra1 48. e5+ Ke6 49. Rd6+ Ke7 50. Rd5 Rh1 51. Kg5 Rg1 52. Ra5 Ke6 53. Ra8 Kxe5 54. Re8+ Kd5 55. Re2 f5 56. Kxg6 1/2-1/2

[Event "Teplice op 8th"]
[Site "Teplice"]
[Date "2013.06.21"]
[Round "7"]
[White "Weichhold, Pawel"]
[Black "Hrbolka, Ladislav Jr"]
[Result "1-0"]
[WhiteElo "2382"]
[BlackElo "2164"]
[PlyCount "73"]
[EventDate "2013.06.15"]
[EventType "swiss"]
[EventRounds "9"]
[EventCountry "CZE"]
[SourceTitle "CBM 155 Extra"]
[Source "ChessBase"]
[SourceDate "2013.08.26"]
[SourceVersion "1"]
[SourceVersionDate "2013.08.26"]
[SourceQuality "1"]

1. e4 c5 2. Nf3 d6 3. d4 cxd4 4. Nxd4 Nf6 5. Nc3 Nc6 6. Bg5 e6 7. Qd2 a6 8. 0-0-0 Bd7 9. f4 b5 10. Bxf6 gxf6 11. Nxc6 Bxc6 12. Bd3 Qb6 13. Kb1 b4 14. Ne2 Qc5 15. f5 e5 16. Ng3 h5 17. h4 a5 18. Qe2 a4 19. Bc4 Rc8 20. b3 Ke7 21. Rd3 a3 22. Rhd1 Rd8 23. Nxh5 Rd7 24. g4 Rxh5 25. gxh5 Bh6 26. Qg2 Bb5 27. Bxb5 Qxb5 28. c4 bxc3 29. Rxc3 Rd8 30. Qc2 Qb6 31. Rc6 Qe3 32. Rc7+ Kf8 33. Qc4 d5 34. exd5 Qf3 35. Qc2 Rxd5 36. Rxd5 Qxd5 37. Qc5+ 1-0

[Event "Teplice op 8th"]
[Site "Teplice"]
[Date "2013.06.19"]
[Round "5"]
[White "Kasparov, Sergey"]
[Black "Hrbolka, Ladislav Jr"]
[Result "1/2-1/2"]
[WhiteElo "2482"]
[BlackElo "2164"]
[PlyCount "60"]
[EventDate "2013.06.15"]
[EventType "swiss"]
[EventRounds "9"]
[EventCountry "CZE"]
[SourceTitle "CBM 155 Extra"]
[Source "ChessBase"]
[SourceDate "2013.08.26"]
[SourceVersion "1"]
[SourceVersionDate "2013.08.26"]
[SourceQuality "1"]

1. e4 c5 2. Nf3 d6 3. d4 cxd4 4. Nxd4 Nf6 5. f3 e5 6. Nb3 Be7 7. c4 0-0 8. Nc3 a5 9. Be3 a4 10. Nd2 Qa5 11. Be2 Be6 12. 0-0 Nbd7 13. Nd5 Bxd5 14. cxd5 Rfc8 15. Nc4 Qd8 16. b4 Ne8 17. Qd2 h6 18. Rac1 Bg5 19. Bxg5 Qxg5 20. Qxg5 hxg5 21. Na5 Rxc1 22. Rxc1 Nc5 23. Bb5 Kf8 24. Rb1 Nc7 25. Be2 Ne8 26. Bb5 Nc7 27. Nc4 Nxe4 28. Nb6 Rd8 29. fxe4 Nxb5 30. Rd1 a3 1/2-1/2

[Event "Teplice op 8th"]
[Site "Teplice"]
[Date "2013.06.16"]
[Round "2"]
[White "Hrbolka, Ladislav Jr"]
[Black "Simacek, Pavel"]
[Result "0-1"]
[WhiteElo "2164"]
[BlackElo "2467"]
[PlyCount "48"]
[EventDate "2013.06.15"]
[EventType "swiss"]
[EventRounds "9"]
[EventCountry "CZE"]
[SourceTitle "CBM 155 Extra"]
[Source "ChessBase"]
[SourceDate "2013.08.26"]
[SourceVersion "1"]
[SourceVersionDate "2013.08.26"]
[SourceQuality "1"]

1. e4 e6 2. d4 d5 3. e5 c5 4. c3 Qb6 5. Nf3 Bd7 6. Be2 cxd4 7. cxd4 Bb5 8. 0-0 Bxe2 9. Qxe2 Qa6 10. Qe3 Nc6 11. Bd2 Nge7 12. Qf4 h6 13. h4 Nf5 14. h5 Be7 15. Bc3 g6 16. hxg6 fxg6 17. g4 Nh4 18. Nxh4 Bxh4 19. Qe3 0-0-0 20. Nd2 Rdf8 21. Nb3 Be7 22. a3 Qb6 23. Nd2 g5 24. f3 Rf4 0-1

[Event "CZE-chT2A 1213"]
[Site "Czech Republic"]
[Date "2013.02.17"]
[Round "9.4"]
[White "Hrbolka, Ladislav Jr"]
[Black "Jonas, Vaclav"]
[Result "0-1"]
[WhiteElo "2173"]
[BlackElo "1975"]
[PlyCount "59"]
[EventDate "2012.10.14"]
[EventType "team-tourn"]
[EventRounds "11"]
[EventCountry "CZE"]
[SourceTitle "EXT 2015"]
[Source "ChessBase"]
[SourceDate "2014.11.20"]
[SourceVersion "1"]
[SourceVersionDate "2014.11.20"]
[SourceQuality "1"]
[WhiteTeam "Most Chess"]
[BlackTeam "Klatovy"]
[WhiteTeamCountry "CZE"]
[BlackTeamCountry "CZE"]

1. e4 c5 2. Nf3 d6 3. Bb5+ Bd7 4. Bxd7+ Nxd7 5. 0-0 Ngf6 6. Re1 g6 7. c3 Bg7 8. d4 cxd4 9. cxd4 e5 10. dxe5 dxe5 11. Qd6 Qe7 12. Qc7 0-0 13. Qxb7 Rfb8 14. Qa6 Nc5 15. Qa3 Qc7 16. Nbd2 a5 17. Qc3 Qa7 18. b3 Rd8 19. Ba3 Nd3 20. Re3 Nb4 21. Bxb4 axb4 22. Qxb4 Bf8 23. Qc3 Ng4 24. Re2 Bc5 25. Rf1 Rac8 26. Nc4 Nxf2 27. Rfxf2 Rd1+ 28. Ne1 Bd4 29. Qf3 Qxa2 30. Ne3 0-1